La ilusión de la diferencia: la poesía de Enrique Lihn y de Jaime Gil de Biedma
Guardat en:
| Autors principals: | , |
|---|---|
| Format: | Llibre |
| Idioma: | espanyol |
| Publicat: |
Santiago
La Noria
1995
|
| Matèries: | |
| Etiquetes: |
Afegir etiqueta
Sense etiquetes, Sigues el primer a etiquetar aquest registre!
|
MARC
| LEADER | 00000nam a2200000 a 4500 | ||
|---|---|---|---|
| 001 | UCT3967 | ||
| 003 | CL-VaPUC | ||
| 005 | 20220223111830.0 | ||
| 008 | 961031e19950000CL |||||||||||||||||spa|d | ||
| 999 | |c 253460 |d 253458 | ||
| 040 | |c Pontificia Universidad Católica de Valparaíso | ||
| 082 | 0 | 4 | |a 861.09 |b ALO |2 21 |
| 100 | 0 | |a Alonso, María Nieves |e author |9 373060 | |
| 245 | 1 | 3 | |a La ilusión de la diferencia: la poesía de Enrique Lihn y de Jaime Gil de Biedma |
| 260 | |a Santiago |b La Noria |c 1995 | ||
| 300 | |a 188 p | ||
| 583 | |a last modification |c 19961031 00:00:00 |k Rodrigo Vera | ||
| 600 | 0 | |a Gil de Biedma, Jaime |9 354424 | |
| 600 | 0 | |a Lihn Carrasco, Enrique, |d 1929-1988 |9 860652 | |
| 650 | 0 | |a Poesía española |9 264938 | |
| 650 | 0 | |a Poesía chilena |9 268403 | |
| 650 | 0 | |a Crítica e interpretación |9 255042 | |
| 650 | 0 | |a Crítica literaria |9 269189 | |
| 700 | 0 | |a Rodríguez, Mario |e author |9 373061 | |
| 942 | |c BK |2 ddc | ||
| 945 | |d 19961031 00:00:00 |a rleighto | ||
| 952 | |0 0 |1 0 |4 0 |6 861_090000000000000_ALO_1995 |7 0 |8 A |9 274323 |a BIBEDU |b BIBEDU |d 2019-11-19 |i 3247953 |o 861.09 ALO 1995 |p 3247953 |r 2019-11-19 |w 2019-11-19 |y BK |k LIT | ||